Figure out the Lyrics - Mystery Song #58 Quiz Stats

 Plays Quiz not verified by Sporcle

Score 0/156 Timer 12:00
0 Plays Today
% Correct
[Repeat again dressed in a bright green cat-suit]
100%
I.
93.7%
I.
93.7%
I.
93.7%
I.
93.7%
I,
93.7%
I,
93.7%
I.
93.7%
I.
93.7%
I.
93.7%
I.
93.7%
I,
93.7%
I,
93.7%
a
89.3%
oh,
79.5%
oh.
79.5%
oh,
79.5%
oh.
79.5%
oh,
79.5%
oh.
79.5%
oh,
79.5%
oh.
79.5%
O.
79.3%
O.
79.3%
O.
79.3%
O.
79.3%
O,
79.3%
O,
79.3%
O.
79.3%
O.
79.3%
O.
79.3%
O.
79.3%
O,
79.3%
O,
79.3%
S.
70.4%
S.
70.4%
S.
70.4%
S.
70.4%
S,
70.4%
S,
70.4%
S.
70.4%
S.
70.4%
S.
70.4%
S.
70.4%
S,
70.4%
S,
70.4%
D.
67.1%
D.
67.1%
D.
67.1%
D.
67.1%
D,
67.1%
D,
67.1%
% Correct
D.
67.1%
D.
67.1%
D.
67.1%
D.
67.1%
D,
67.1%
D,
67.1%
C.
66%
C.
66%
C.
66%
C.
66%
C,
66%
C,
66%
C.
66%
C.
66%
C.
66%
C.
66%
C,
66%
C,
66%
is
46.2%
is
46.2%
is
46.2%
is
46.2%
is
46.2%
is
46.2%
is
46.2%
is
46.2%
is
46.2%
is
46.2%
is
46.2%
is
46.2%
is
46.2%
is
46.2%
is
46.2%
is
46.2%
is
46.2%
is
46.2%
is
46.2%
is
46.2%
is
46.2%
is
46.2%
is
46.2%
is
46.2%
is
46.2%
is
46.2%
is
46.2%
is
46.2%
disco!
26.3%
disco!
26.3%
disco!
26.3%
disco!
26.3%
disco!
26.3%
disco!
26.3%
% Correct
disco!
26.3%
disco!
26.3%
She
23%
She
23%
She
23%
She
23%
She
23%
She
23%
She
23%
She
23%
She
23%
She
23%
She
23%
She
23%
She
23%
She
23%
She
23%
She
23%
She
23%
She
23%
She
23%
She
23%
She
23%
She
23%
She
23%
She
23%
She
23%
She
23%
She
23%
She
23%
as
19.4%
super
9.2%
super
9.2%
sexy.
9%
incredible.
6.9%
incredible.
6.9%
delightful.
6.8%
such
6%
cutie.
5.9%
delirious.
5.6%
desirable.
5.4%
crazy
5.3%
crazy.
5.3%
sweet
4.6%
candy.
4.3%
irresistible.
4.1%
sensational.
4.1%
complicated.
4%
impossible.
4%
disastrous.
3.7%
superficial.
3.6%
special.
3.5%

You're not logged in!

Compare scores with friends on all Sporcle quizzes.
OR
Log In

Sporcle TV

Today on Sporcle TV


Watch our educational content, quiz creation guides, and fun videos on Sporcle TV.

Show Comments

Extras

Top Quizzes Today


Score Distribution

Your Account Isn't Verified!

In order to create a playlist on Sporcle, you need to verify the email address you used during registration. Go to your Sporcle Settings to finish the process.

Report this User

Report this user for behavior that violates our Community Guidelines.

Details: